Pygmalion : (رقم التسجيلة. 37217)
[ عرض عادي ]
| 000 -فاتح التسجيلة | |
|---|---|
| الفاتح | 01867 a2200229 4500 |
| 008 - عناصر البيانات ثابتة الطول | |
| عناصر البيانات ثابتة الطول | 030327s2003 enk g 000 0 eng d |
| 020 ## - ردمك | |
| ردمك | 9780141439501 (pbk.) |
| 082 04 - رقم تصنيف ديوي العشري | |
| رقم تصنيف ديوي | 822.912 |
| اصدار خطة التصنيف | 21 |
| رقم المادة | SBP |
| 100 1# - المؤلف - اسم شخصي (مدخل رئيسي) | |
| الاسم (اسم العائلة، الاسماء الاولى | Shaw, Bernard, |
| التواريخ )مثل سنة الميلاد- الوفاة( | 1856-1950 |
| 245 10 - العنوان | |
| العنوان الفعلي | Pygmalion : |
| بيانات أخرى للعنوان | a romance in five acts / |
| بيان المسئولية | Bernard Shaw ; definitive text under the editorial supervision of Dan H. Laurence ; introduction by Nicholas Grene. |
| 260 ## - بيانات النشر | |
| مكان النشر | London ; |
| -- | New York : |
| الناشر | Penguin Books, |
| التاريخ | 2003. |
| 300 ## - الوصف المادي | |
| التعداد | xx, 122 p. ; |
| اﻷبعاد | 20 cm. |
| 490 1# - بيان السلسلة | |
| بيان السلسلة | Penguin classics |
| 505 0# - تبصرة محتويات | |
| تبصرة المحتويات | Chronology of the life and times of Bernard Shaw -- Introduction -- Principal works of Bernard Shaw -- Preface -- Pygmalion. |
| 520 ## - تبصرة ملخص | |
| تبصرة ملخص | Pygmalion both delighted and scandalized its first audiences in 1914. A brilliantly witty reworking of the classical tale of the sculptor who falls in love with his perfect female statue, it is also a barbed attack on the British class system and a statement of Shaw's feminist views. In Shaw's hands, the phoneticist Henry Higgins is the Pygmalion figure who believes he can transform Eliza Doolittle, a cockney flower girl, into a duchess at ease in polite society. The one thing he overlooks is that his 'creation' has a mind of her own. This is the definitive text produced under the editorial supervision of Dan H. Laurence, with an illuminating introduction by Nicholas Grene, discussing the language and politics of the play. Also included in this volume is Shaw's preface, as well as his 'sequel' written for the first publication in 1916, to rebut public demand for a more conventionally romantic ending. |
| 650 #0 - رأس موضوع - مصطلح موضوعي | |
| الموضوع | Man-woman relationships |
| تقسيم فرعي شكلي | Drama |
| 650 #0 - رأس موضوع - مصطلح موضوعي | |
| الموضوع | Speech and social status |
| تقسيم فرعي شكلي | Drama |
| 650 #0 - رأس موضوع - مصطلح موضوعي | |
| الموضوع | Social classes |
| تقسيم فرعي شكلي | Drama |
| 651 #0 - رأس موضوع - اسم جغرافي | |
| اسم جغرافي | London (England) |
| تقسيم شكلي | Drama |
| 830 #0 - مدخل اضافي للسلسلة - عنوان موحد | |
| عنوان موحد | Penguin classics |
| 942 ## - مداخل إضافية خاصة بكوها | |
| Koha [default] item type | كتاب |
| 100 1# - المؤلف - اسم شخصي (مدخل رئيسي) | |
| -- | 48192 |
| 650 #0 - رأس موضوع - مصطلح موضوعي | |
| -- | 48193 |
| 650 #0 - رأس موضوع - مصطلح موضوعي | |
| -- | 48194 |
| 650 #0 - رأس موضوع - مصطلح موضوعي | |
| -- | 48195 |
| 651 #0 - رأس موضوع - اسم جغرافي | |
| -- | 48196 |
| 830 #0 - مدخل اضافي للسلسلة - عنوان موحد | |
| -- | 48197 |
| حالة اﻹلغاء | مادة مفقودة | مصدر خطة التصنيف أو الترفيف | حالة التلف | غير مسموح باﻹعارة | موقع غير دائم | الموقع الحالي | تاريخ التزويد | إجمالي اﻹعارات | رقم الطلب بالكامل | الباركود | آخر تاريخ للعرض | رقم النسخة | السعر فعال من تاريخ | نوع المادة في كوها | إجمالي التجديدات | آخر تاريخ إعارة |
|---|---|---|---|---|---|---|---|---|---|---|---|---|---|---|---|---|
| Dewey Decimal Classification | Not For Loan | المكتبة المركزية بالمجمعة (CL) | المكتبة المركزية بالمجمعة (CL) | 2015-07-07 | 822.912 SBP | 00212182 | 2015-07-07 | 1 | 2015-07-07 | كتاب | ||||||
| Dewey Decimal Classification | المكتبة المركزية بالمجمعة (CL) | المكتبة المركزية بالمجمعة (CL) | 2015-07-07 | 1 | 822.912 SBP | 00212181 | 2020-01-28 | 2 | 2015-07-07 | كتاب | 1 | 2019-10-10 | ||||
| Dewey Decimal Classification | المكتبة المركزية بالمجمعة (CL) | المكتبة المركزية بالمجمعة (CL) | 2015-07-07 | 822.912 SBP | 00212180 | 2015-07-07 | 3 | 2015-07-07 | كتاب | |||||||
| Dewey Decimal Classification | Not For Loan | مكتبة مجمع الكليات بالزلفى - طلاب (SZM) | مكتبة مجمع الكليات بالزلفى - طلاب (SZM) | 2015-07-07 | 822.912 SBP | 00212184 | 2015-07-07 | 1 | 2015-07-07 | كتاب | ||||||
| Dewey Decimal Classification | مكتبة مجمع الكليات بالزلفى - طلاب (SZM) | مكتبة مجمع الكليات بالزلفى - طلاب (SZM) | 2015-07-07 | 822.912 SBP | 00212183 | 2015-07-07 | 2 | 2015-07-07 | كتاب |
